Представление документа в формате MARC21

Поле Инд. ПП Название Значение
Тип записи a
Библиографический уровень m
001 Контрольный номер RU/IS/BASE/192883920
005 Дата корректировки 20230712144446.1
040 b Код языка каталог. rus
041 0_ a Код языка текста rus
080 a Индекс УДК 004.42
084 a Индекс другой классификации/Индекс ББК 32.973
090 a Полочн. индекс 681.3
x Авторский знак А22
097 b Оператор 11
245 10 a Заглавие Автоматизация проектирования вычислительных систем. Языки, моделирование и базы данных
c Ответственность пер. с англ.
260 a Место издания М.
b Издательство Мир
c Дата издания 1979
300 a Объем 464 с.
510 0_ a Примечание о ссылках Книги и методические пособия
650 04 a Основная рубрика 50.51 Автоматизация проектирования
x Основная подрубрика 50.51.17 Программное обеспечение процессов проектирования
653 0_ a Ключевые слова вычислительные системы; базы данных; языки программирования; автоматизация проектирования
901 t Тип документа m